| 000 | 00448nam a22001697a 4500 | ||
|---|---|---|---|
| 005 | 20251108175559.0 | ||
| 008 | 250721s2018 xx 000 0 ara d | ||
| 082 | 1 | 4 | _aق/سلا |
| 100 | 1 | _aسلامة، منى | |
| 245 | 1 | 0 | _aثاني أكسيد الحب / |
| 264 |
_bعصير الكتب للنشر، _c2018. |
||
| 300 | _a280ص. | ||
| 650 | 1 | 7 | _aالادب العربي |
| 650 | 1 | 7 | _aالروايات |
| 942 |
_2ddc _cBK |
||
| 999 |
_c137483 _d137483 |
||